| 000 | 00972nam a22003137a 4500 | ||
|---|---|---|---|
| 003 | CHAP | ||
| 005 | 20220329141754.0 | ||
| 008 | 971013s1964 r 00010 d | ||
| 010 | _a73580 | ||
| 011 | _a74552 | ||
| 035 | _a84111 | ||
| 040 | _cCHAP | ||
| 082 |
_a575.1 _bG37 |
||
| 100 | 0 | 0 |
_aGardner, Eldon John. _946847 |
| 245 | _aPrinciples of genetics | ||
| 250 | _a2 ed. | ||
| 260 |
_aNew York : _bWiley, _c1964 |
||
| 300 |
_a386 p. _b: ilus. |
||
| 590 |
_aBATCH-UPD _b10 _c20130110 _lUCH01 _h1817 |
||
| 590 |
_aBATCH-UPD _b10 _c20130410 _lUCH01 _h1151 |
||
| 590 |
_aBATCH-UPD _b10 _c20130914 _lUCH01 _h1536 |
||
| 590 |
_aCONVERSION _b10 _c20130109 _lUCH01 _h1340 |
||
| 650 | 1 | 4 |
_aGenética. _947469 |
| 901 | _aBK | ||
| 942 | _cLIBRO | ||
| 949 |
_a575.1 G37 _bBC _cLIBRO _d33724000158101 _eLIBRO _h8467 _i84111 _si |
||
| 949 |
_a575.1 G37 _bBC _cLIBRO _d33724000158119 _eLIBRO _fc.3 _h8469 _i84111 _si |
||
| 949 |
_a575.1 G37 _bBC _cLIBRO _d33724000479408 _eLIBRO _fc.2 _h8468 _i84111 _si |
||
| 999 |
_c73580 _d73580 |
||